000 00438nam a2200157Ia 4500
003 GCL
008 140319s9999 xx 000 0 ara d
040 _aGCL /
_cGCL
082 0 4 _a792.09
_bص م
245 1 0 _aمهرجان القاهرة الدولى للمسرح التجريبى 1989
300 _a152 ص
490 _a
650 0 4 _aالمسرح التجريبى
650 0 4 _aالمسرحيات التجريبية
942 _2ddc
_cBK
999 _c38076
_d38076